000 00537cam a2200193 a 4500
001 L159185
008 120213s2016 xxk f 000 0 eng d
022 1 _a0260-6216
035 _a(Sirsi) u159185
041 0 _aeng
050 0 4 _a692.5 $2 18
110 2 _aBuilding Cost Information Service
_91096
245 0 0 _aBCIS quarterly review of building prices
_bissue 140 February 2016
260 _aLondon
_bBCIS
_c2016
300 _a40p.
_c30cm.
651 4 _aUnited Kingdom
_y
690 _aBUILT ENVIRONMENT-BUILDING COSTS
942 _n0
999 _c115726
_d115726